Sports Quiz

Random Sports or City Quiz

One Football Club Cities/Towns - UK (Picture Click) Quiz Stats

Quiz not verified by Sporcle

Score 0/20 Timer 02:00
0 Plays Today
% Correct
7. Newcastle upon tyne
97.3%
4. Cardiff
96%
8. Wolverhampton
95.7%
17. Aberdeen
95.6%
2. Leicester
94.7%
20. Norwich
94.7%
9. Derby
93.1%
18. Bolton
92.4%
10. Southampton
91.9%
13. Brighton and Hove
91.1%
% Correct
19. Bournemouth
91.1%
11. Portsmouth
90.9%
1. Leeds
90.8%
14. Reading
89.6%
6. Kingston upon Hull
89.3%
16. Luton
89.3%
12. Plymouth
87.7%
3. Bradford
84.3%
5. Coventry
84%
15. Northampton
78.3%

You're not logged in!

Compare scores with friends on all Sporcle quizzes.
Sign Up with Email
OR
Log In

You Might Also Like...

Show Comments

Extras

Top Quizzes Today


Score Distribution

Your Account Isn't Verified!

In order to create a playlist on Sporcle, you need to verify the email address you used during registration. Go to your Sporcle Settings to finish the process.

Report this User

Report this user for behavior that violates our Community Guidelines.

Details: